000 00391nam a22001937a 4500
003 UA-OsUOA
001 1401
007 ta
008 20050721b un ||||| |||| 00| 0 ukr d
100 _aGreffet
700 _aPh.
700 _aPorcher
700 _aL.
942 _cBK
040 _aUA-OsUOA
_cUA-OsUOA
_dUA-OsUOA
245 _aA Vous de Lire 3.
_bFrench
955 _a2
650 7 _2UDC
999 _c287563
_d287563